000 00871nam a2200253 i 4500
001 17453
003 ES-MaACL
005 20230906151605.0
007 t|
008 010306s2000 sp ||||1| spa d
020 _a84-7898-167-5
080 _a821.134.2 Cernuda, Luis 1.06
080 _a821.133.1.09
100 1 _aBarón, Emilio.
_925766
245 1 0 _aOdi et amo
_b: Luis Cernuda y la literatura francesa /
_cEmilio Barón.
260 _aSevilla :
_bAlfar,
_c2000.
300 _a194 p. ;
_c22 cm.
490 1 _aAlfar universidad ;
_v105.
_aSerie investigación y ensayo
600 1 4 _aCernuda, Luis,
_d1902-1963-
_xInfluencia francesa
_937535
650 4 _aLiteratura francesa-
_xInfluencia.
_914587
830 0 _aAlfar universidad ;
_v105.
_aSerie investigación y ensayo
_9176049
852 _aES-MaACL
_jL-24331
_bR.129565
999 _c17453
_d17453